[Event "Brasschaat op 05th"]
[Site "Brasschaat"]
[Date "2005.08.28"]
[Round "9"]
[White "Boeye, Leo"]
[Black "Dutreeuw, Marc"]
[Result "0-1"]
[WhiteElo "2128"]
[BlackElo "2425"]
[PlyCount "82"]
[EventDate "2005.08.20"]
[EventType "swiss"]
[EventRounds "9"]
[EventCountry "BEL"]
[SourceTitle "CBM 108 Extra"]
[Source "ChessBase"]
[SourceDate "2005.11.04"]
[SourceVersion "1"]
[SourceVersionDate "2005.11.04"]
[SourceQuality "1"]

1. Nh3 d5 2. g3 e5 3. f3 Nf6 4. Nf2 d4 5. c4 Be6 6. d3 c5 7. Bg2 Nc6 8. 0-0 Be7 9. Na3 0-0 10. Bd2 Qd7 11. Nc2 a6 12. a4 b6 13. Qe1 a5 14. Qd1 h6 15. b3 Rad8 16. Na3 Nh7 17. Nb5 Bg5 18. f4 exf4 19. gxf4 Bh4 20. Qc2 Rfe8 21. Bf3 Nf8 22. Kh1 Ng6 23. Ne4 Be7 24. Bh5 Nh4 25. Be1 Nf5 26. Rg1 Kh8 27. Bf2 Rg8 28. Qd2 Bh4 29. Raf1 Bxf2 30. Rxf2 Qe7 31. Bf3 Nh4 32. Qe1 Bc8 33. Qf1 Nb4 34. Rg3 Nc2 35. Qc1 Ne3 36. Nbc3 dxc3 37. Qxe3 f5 38. Qc1 fxe4 39. Bxe4 Bb7 40. Bxb7 Qxb7+ 41. e4 Rxd3 0-1

[Event "Brasschaat op 05th"]
[Site "Brasschaat"]
[Date "2005.08.25"]
[Round "6"]
[White "Dutreeuw, Marc"]
[Black "Maes, Wim"]
[Result "1/2-1/2"]
[WhiteElo "2425"]
[BlackElo "2291"]
[PlyCount "56"]
[EventDate "2005.08.20"]
[EventType "swiss"]
[EventRounds "9"]
[EventCountry "BEL"]
[SourceTitle "CBM 108 Extra"]
[Source "ChessBase"]
[SourceDate "2005.11.04"]
[SourceVersion "1"]
[SourceVersionDate "2005.11.04"]
[SourceQuality "1"]

1. e4 c5 2. Nf3 e6 3. d4 cxd4 4. Nxd4 Nc6 5. Nb5 d6 6. Bf4 Ne5 7. N1c3 a6 8. Bxe5 dxe5 9. Qxd8+ Kxd8 10. 0-0-0+ Bd7 11. Nd6 Bxd6 12. Rxd6 Ke7 13. Rd2 Nf6 14. Be2 Bc6 15. f3 Rhd8 16. Rhd1 Ne8 17. a3 Rxd2 18. Rxd2 Rd8 19. Na2 f5 20. Nb4 Rxd2 21. Kxd2 Kd6 22. Bd3 Bd7 23. c3 g6 24. Nc2 Ke7 25. b4 Nd6 26. c4 Bc6 27. Ke3 Ba4 28. Ne1 Bc6 1/2-1/2